| 000 | 00817nam a2200181Ia 4500 | ||
|---|---|---|---|
| 008 | 151018s9999 xx 000 0 und d | ||
| 082 |
_bRBASDV63804 _a574 |
||
| 100 | _aमहावीरप्रसाद द्विवेदी | ||
| 245 | _aविचित्र जीव जन्तु और वनस्पतीयॉ | ||
| 250 | _b1 | ||
| 260 |
_bसाक्षरता पुस्तक केंद _c2014 |
||
| 300 | _a127 | ||
| 600 | _aमहावीरप्रसाद द्विवेदी | ||
| 630 | _aविचित्र जीव जन्तु और वनस्पतीयॉ | ||
| 700 | _aमहावीरप्रसाद द्विवेदी | ||
| 730 | _aविचित्र जीव जन्तु और वनस्पतीयॉ | ||
| 942 | _cBOOK | ||
| 999 |
_c1056145 _d1056142 |
||